| 000 | 00637nam a2200277Ia 4500 | ||
|---|---|---|---|
| 001 | Z_3053 | ||
| 003 | CHAP | ||
| 008 | 220113s1981 xx 000 0 und d | ||
| 010 | _a166140 | ||
| 040 | _cCHAP | ||
| 082 | _a631.41 O7 | ||
| 100 |
_aOrtega Torres, Enrique _983889 |
||
| 245 |
_aQuímica de suelos / _cpor Enrique Ortega Torres |
||
| 260 |
_aChapingo, Méx. : _bUACH. Departamento de Suelos, _c1981 |
||
| 300 | _a417 p. | ||
| 440 | _a | ||
| 500 | _a | ||
| 503 | _a | ||
| 650 |
_aSuelos _xQuímica de _9110470 |
||
| 901 | _a631.41 O7 | ||
| 902 | _aA | ||
| 910 | _a1981 | ||
| 942 | _c1 | ||
| 942 | _cc1 | ||
| 999 |
_c166140 _d166140 |
||